000 00679nam a2200181 i 4500
001 144521
003 ES-MaACL
005 20250809044131.0
007 t|
008 070214s1941 sp r ||||1| spa d
100 1 _aSilván, José.
_9106414
245 1 0 _aLegislación vigente sobre los impuestos de derechos reales y transmisión de bienes, caudal relicto y personas jurídicas
_b: obra adaptada al programa de... abogados del estado /
_cJosé Silván.
260 _aBarcelona :
_bEd. Byp,
_c1941.
300 _a523 p. ;
_c24 cm.
650 7 _aImpuesto de derechos reales-
_zEspaña
_2
_9160616
852 _aES-MaACL
_jF-15336
_bR.19039
999 _c144521
_d144521